000
00349nam a2200157Ia 4500
003
OSt
005
20240209124235.0
008
170524s9999 xx 000 0 und d
020
_a
9788126529452
040
_c
IIMT UNIVERSITY
100
_a
SMITH DAYLE
100
_c
2010
245
0
_a
MANAGEMENT COMMUNICTION
260
_a
WILEY
942
_2
ddc
_c
01
999
_c
2768
_d
2768